|
|
|
|
| LEADER |
00000cam a22000004a 4500 |
| 001 |
musev2_48823 |
| 003 |
MdBmJHUP |
| 005 |
20230905045056.0 |
| 006 |
m o d |
| 007 |
cr||||||||nn|n |
| 008 |
161119s2016 azu o 00 0 eng d |
| 020 |
|
|
|a 9780816536924
|
| 020 |
|
|
|z 9780816517251
|
| 020 |
|
|
|z 9780816517237
|
| 035 |
|
|
|a (OCoLC)1016785151
|
| 040 |
|
|
|a MdBmJHUP
|c MdBmJHUP
|
| 100 |
1 |
|
|a Taylor, Lawrence.
|
| 245 |
1 |
4 |
|a The Road to Mexico
|
| 264 |
|
1 |
|a Tucson :
|b University of Arizona Press,
|c 2016.
|
| 264 |
|
3 |
|a Baltimore, Md. :
|b Project MUSE,
|c 2018
|
| 264 |
|
4 |
|c ©2016.
|
| 300 |
|
|
|a 1 online resource (204 pages).
|
| 336 |
|
|
|a text
|b txt
|2 rdacontent
|
| 337 |
|
|
|a computer
|b c
|2 rdamedia
|
| 338 |
|
|
|a online resource
|b cr
|2 rdacarrier
|
| 490 |
0 |
|
|a Southwest Center Series
|
| 505 |
0 |
|
|a List of Illustrations; Preface; El Mariachi; Filling in the Spaces; The Mission; Jimmy's Diner; The Edge of the Res; Delia; The Three Mikes; Green Valleys; Ranches and Relics; Crossing; Mi Nueva Casa; Art and Quesadillas; La Fiesta de San Francisco; Magdalena Off-Season; Lost Pilgrims.
|
| 588 |
|
|
|a Description based on print version record.
|
| 650 |
|
7 |
|a Travel.
|2 fast
|0 (OCoLC)fst01155558
|
| 650 |
|
7 |
|a Roads.
|2 fast
|0 (OCoLC)fst01098511
|
| 650 |
|
7 |
|a Manners and customs.
|2 fast
|0 (OCoLC)fst01007815
|
| 650 |
|
7 |
|a TRAVEL
|x General.
|2 bisacsh
|
| 650 |
|
6 |
|a Routes
|z États-Unis (Nouveau Sud-Ouest)
|
| 650 |
|
0 |
|a Roads
|z Southwest, New.
|
| 651 |
|
7 |
|a New Southwest.
|2 fast
|0 (OCoLC)fst01244556
|
| 651 |
|
6 |
|a États-Unis (Nouveau Sud-Ouest)
|x Moeurs et coutumes.
|
| 651 |
|
6 |
|a États-Unis (Nouveau Sud-Ouest)
|v Ouvrages illustres.
|
| 651 |
|
6 |
|a États-Unis (Nouveau Sud-Ouest)
|x Descriptions et voyages.
|
| 651 |
|
0 |
|a Southwest, New
|x Social life and customs.
|
| 651 |
|
0 |
|a Southwest, New
|v Pictorial works.
|
| 651 |
|
0 |
|a Southwest, New
|x Description and travel.
|
| 655 |
|
7 |
|a Pictorial works.
|2 fast
|0 (OCoLC)fst01423874
|
| 655 |
|
7 |
|a Electronic books.
|2 local
|
| 700 |
1 |
|
|a Taylor.
|
| 700 |
1 |
|
|a Hickey, Maeve.
|
| 710 |
2 |
|
|a Project Muse.
|e distributor
|
| 830 |
|
0 |
|a Book collections on Project MUSE.
|
| 856 |
4 |
0 |
|z Texto completo
|u https://projectmuse.uam.elogim.com/book/48823/
|
| 945 |
|
|
|a Project MUSE - Custom Collection
|
| 945 |
|
|
|a Project MUSE - Archive Complete Supplement VI
|
| 945 |
|
|
|a Project MUSE - Archive US Regional Studies, West Supplement VI
|